| 000 | 00406nam a22001577a 4500 | ||
|---|---|---|---|
| 003 | SGT | ||
| 020 | _a9781632397164 | ||
| 082 |
_a615.4 _bC16B |
||
| 100 | _aBOYD, SEAN, ed | ||
| 245 | _aCLINICAL PHARMACY & PHARMACEUTICAL SCIENCE | ||
| 260 |
_aNEW YORK _bCALLISTO REBE REANCE _c2016 |
||
| 300 | _a290 | ||
| 650 | _aPHARMACEUTIACL SCIENCE | ||
| 653 | _aCLINICAL PHARMACY PHARMACEUTICAL | ||
| 942 |
_2ddc _cBK |
||
| 999 |
_c22937 _d22937 |
||